Vzťah zmlúv o obchodnom zastúpení a tzv. vertikálnych dohôd obmedzujúcich súťaž podľa európskeho práva
Vzťah obchodného zastúpenia a vertikálnych dohôd. Pokyny týkajúce sa vertikálnych obmedzení konkurencie. Aktuálny pohľad Komisie na vzťah obchodného zastúpenia a vertikálnych dohôd.
Gespeichert in:
| 1. Verfasser: | |
|---|---|
| Format: | Buchkapitel |
| Sprache: | Slowakisch |
| Schlagworte: | |
| Tags: |
Keine Tags, Fügen Sie das erste Tag hinzu!
|
MARC
| LEADER | 00000naa$a2200000$$$4500 | ||
|---|---|---|---|
| 001 | 0237373 | ||
| 005 | 20240502083634.6 | ||
| 041 | 0 | |a slo | |
| 044 | |a CZ | ||
| 245 | 1 | 0 | |a Vzťah zmlúv o obchodnom zastúpení a tzv. vertikálnych dohôd obmedzujúcich súťaž podľa európskeho práva |c Martin Winkler |
| 520 | |a Vzťah obchodného zastúpenia a vertikálnych dohôd. Pokyny týkajúce sa vertikálnych obmedzení konkurencie. Aktuálny pohľad Komisie na vzťah obchodného zastúpenia a vertikálnych dohôd. | ||
| 610 | 2 | 0 | |a právo európske |
| 610 | 2 | 0 | |a spolupráca medzinárodná |
| 610 | 2 | 0 | |a zástupcovia obchodní |
| 610 | 2 | 0 | |a obchod zahraničný |
| 610 | 2 | 0 | |a dohody medzinárodné |
| 610 | 2 | 0 | |a súťaž hospodárska |
| 610 | 2 | 0 | |a zmluvy |
| 610 | 2 | 0 | |a konkurencia |
| 610 | 2 | 0 | |a značky |
| 610 | 2 | 0 | |a Európska únia |
| 100 | 1 | |a Winkler, Martin, 1975- | |